[Event "Aktobe Dvorkovich op-A"]
[Site "Aktobe"]
[Date "2025.06.30"]
[Round "9"]
[White "Kamalidenova, Meruert"]
[Black "Orozbaev, Eldiar"]
[Result "1/2-1/2"]
[WhiteElo "2330"]
[BlackElo "2367"]
[PlyCount "130"]
[EventDate "2025.06.22"]
[EventType "swiss"]
[EventRounds "9"]
[EventCountry "KAZ"]
[SourceTitle "CB27_2025"]
[SourceDate "2025.07.02"]
[SourceVersion "1"]
[SourceVersionDate "2025.07.02"]
[SourceQuality "1"]

1. e4 e6 2. d4 d5 3. Nc3 Bb4 4. e5 c5 5. Bd2 Ne7 6. a3 Bxc3 7. Bxc3 b6 8. Nf3 Ba6 9. Bxa6 Nxa6 10. Qe2 cxd4 11. Nxd4 Nc5 12. a4 Ng6 13. 0-0 0-0 14. f4 Ne4 15. Bb4 Re8 16. a5 f6 17. f5 exf5 18. e6 bxa5 19. Rxa5 Qb6 20. c3 Rxe6 21. Qb5 Qxb5 22. Rxb5 Ree8 23. Nxf5 Re5 24. Nd4 a6 25. Ra5 Nd2 26. Rfa1 Nf4 27. Bd6 Ne2+ 28. Kf2 Nxd4 29. Bxe5 Ne4+ 30. Kf1 Nb3 31. Bd4 Nxa1 32. Rxa1 Kf7 33. Ra5 Ke6 34. Ke2 Nd6 35. b3 Nb5 36. Kd3 Kd6 37. Bf2 Kc6 38. Ra1 Nc7 39. Ra5 Kb7 40. c4 Rd8 41. Kc3 Re8 42. Ra2 f5 43. Bg3 Re3+ 44. Kb4 dxc4 45. bxc4 Ne6 46. Rd2 f4 47. Bf2 Re4 48. Kc3 Kc6 49. Ra2 Nc7 50. Kd3 Re6 51. g3 g5 52. gxf4 gxf4 53. Bd4 Re1 54. Kd2 Rf1 55. Ke2 Rc1 56. Be5 Rxc4 57. Bxc7 Kxc7 58. Rxa6 Kd7 59. Ra7+ Ke6 60. Rxh7 Kf5 61. Kf3 Rc3+ 62. Kf2 Ra3 63. Rf7+ Ke5 64. Re7+ Kf6 65. Re8 Re3 1/2-1/2

[Event "Aktobe Dvorkovich op-A"]
[Site "Aktobe"]
[Date "2025.06.24"]
[Round "3"]
[White "Kamalidenova, Meruert"]
[Black "Sargsyan, Shant"]
[Result "0-1"]
[WhiteElo "2330"]
[BlackElo "2669"]
[PlyCount "170"]
[EventDate "2025.06.22"]
[EventType "swiss"]
[EventRounds "9"]
[EventCountry "KAZ"]
[SourceTitle "CB27_2025"]
[SourceDate "2025.07.02"]
[SourceVersion "1"]
[SourceVersionDate "2025.07.02"]
[SourceQuality "1"]

1. e4 d6 2. d4 Nf6 3. Nc3 g6 4. Be3 Bg7 5. h4 c6 6. f3 b5 7. Qd2 h5 8. Nh3 Bxh3 9. Rxh3 Nbd7 10. Bd3 0-0 11. Ne2 e5 12. 0-0-0 Re8 13. Kb1 a5 14. d5 Qc8 15. c4 bxc4 16. Bxc4 cxd5 17. Bxd5 Nxd5 18. Qxd5 Ra6 19. Nc3 Nf6 20. Qb3 Re7 21. a4 Rb7 22. Nb5 Bf8 23. Rc1 Qd7 24. Bg5 d5 25. Bxf6 Rxf6 26. Qxd5 Qe7 27. Rhh1 Rd7 28. Qb3 Qb4 29. Qxb4 Bxb4 30. Nc7 Rd2 31. Nd5 Rd6 32. Rhd1 Kg7 33. Rxd2 Bxd2 34. Rc5 Be1 35. Kc2 Ra6 36. Ne3 Bxh4 37. Nc4 Be1 38. Nxe5 Bg3 39. Nc6 Bf2 40. Rc4 Kf6 41. b4 axb4 42. Kb3 Ke6 43. Nxb4 Ra8 44. Rc6+ Kd7 45. Rc2 Bg1 46. Nd5 Kd6 47. Nc7 Rb8+ 48. Nb5+ Ke5 49. g3 g5 50. Kb4 h4 51. gxh4 gxh4 52. Rg2 Be3 53. a5 h3 54. Rh2 Rh8 55. Nc3 Kf4 56. Ne2+ Kxf3 57. a6 Bf2 58. Kc4 Kxe2 59. a7 Ra8 60. Rxh3 Rxa7 61. e5 Rd7 62. Rh6 Be3 63. Rf6 Bg5 64. Rf5 Bd8 65. Kc5 Kd3 66. Kc6 Rc7+ 67. Kd6 Ke4 68. Rf1 Ra7 69. Re1+ Kf5 70. Rf1+ Kg6 71. Rg1+ Bg5 72. Rf1 Ra6+ 73. Kd5 Ra4 74. Rf2 Ra5+ 75. Ke4 Ra6 76. Kd5 Re6 77. Rf1 Bh6 78. Rf2 Bg7 79. Rg2+ Kh7 80. Rh2+ Kg8 81. Rh5 Kf8 82. Rg5 Ra6 83. Ke4 Ra4+ 84. Kf3 Ra5 85. Ke4 f6 0-1

[Event "WchT Blitz Final"]
[Site "London"]
[Date "2025.06.15"]
[Round "4.1"]
[White "Kamalidenova, Meruert"]
[Black "Kosteniuk, Alexandra"]
[Result "1/2-1/2"]
[WhiteElo "2330"]
[BlackElo "2474"]
[PlyCount "247"]
[EventDate "2025.06.15"]
[EventType "team-k.o. (blitz)"]
[EventRounds "4"]
[EventCountry "ENG"]
[SourceTitle "CB25_2025"]
[SourceDate "2025.06.18"]
[SourceVersion "1"]
[SourceVersionDate "2025.06.18"]
[SourceQuality "1"]
[WhiteTeam "KazChess"]
[BlackTeam "WR Chess"]
[WhiteTeamCountry "KAZ"]
[BlackTeamCountry "GER"]

1. e4 c6 2. d4 d5 3. f3 e6 4. Nc3 Bb4 5. Bd2 Ne7 6. Bd3 Nd7 7. Nge2 e5 8. exd5 cxd5 9. 0-0 0-0 10. Kh1 Bd6 11. dxe5 Nxe5 12. Bf4 Be6 13. Nb5 Bb8 14. Nbd4 N7g6 15. Bg3 Nxd3 16. Qxd3 Bxg3 17. Nxg3 Nf4 18. Qd2 Qf6 19. c3 Rad8 20. Rae1 Rfe8 21. Re3 h5 22. Nge2 Ng6 23. f4 Bg4 24. f5 Bxe2 25. Qxe2 Rxe3 26. Qxe3 Ne5 27. h3 Nc4 28. Qe2 h4 29. Re1 Nd6 30. Qe7 Re8 31. Qxe8+ Nxe8 32. Rxe8+ Kh7 33. Rb8 Qb6 34. Nf3 g6 35. fxg6+ Kxg6 36. b3 Qc7 37. Rg8+ Kf6 38. Rg4 Qxc3 39. Rxh4 Qa1+ 40. Kh2 Qxa2 41. b4 a5 42. bxa5 Qxa5 43. Rf4+ Ke7 44. h4 Qc7 45. Kg3 b5 46. h5 Qd6 47. Kg4 Qe6+ 48. Kg3 Kf8 49. Nd4 Qe3+ 50. Nf3 Kg8 51. Rb4 Qd3 52. Rd4 Qf5 53. Rb4 Qxh5 54. Rxb5 Qg6+ 55. Kf2 Qc2+ 56. Kg3 Qc7+ 57. Kf2 Qd6 58. Rb2 f6 59. Rd2 Kf7 60. Rd4 Qc5 61. Kg3 Qd6+ 62. Kf2 Qc5 63. Kg3 Qc7+ 64. Kg4 Ke6 65. Rd2 Qg7+ 66. Kf4 Qh6+ 67. Kg3 Qg6+ 68. Kf4 Qe4+ 69. Kg3 Qa4 70. Rd4 Qa1 71. Rd2 Qa7 72. Rd4 Qb8+ 73. Kg4 f5+ 74. Kh3 Qh8+ 75. Kg3 Qg7+ 76. Kf2 Qa7 77. Kg3 Qb8+ 78. Kf2 f4 79. Rd2 Qb6+ 80. Rd4 Kf5 81. Kf1 Qb1+ 82. Kf2 Qb2+ 83. Kf1 Ke6 84. Ng5+ Kd6 85. Nf3 Kc5 86. Rd2 Qc1+ 87. Kf2 Qa1 88. Rd3 Qb2+ 89. Rd2 Qc3 90. Ke2 Qe3+ 91. Kf1 Kc4 92. Rd1 Kc5 93. Rd2 Qe4 94. Kf2 Qe3+ 95. Kf1 Kd6 96. Rd4 Qc1+ 97. Kf2 Qc2+ 98. Rd2 Qc5+ 99. Rd4 Ke6 100. Kf1 Kf5 101. Rd2 Kg4 102. Ne5+ Kf5 103. Nf3 Qb5+ 104. Kf2 Qb6+ 105. Kf1 Qa6+ 106. Kf2 Qa7+ 107. Kf1 Qb7 108. Rd4 Qb1+ 109. Kf2 Qc2+ 110. Rd2 Qc5+ 111. Kf1 Kg4 112. Ne5+ Kf5 113. Nf3 Qc4+ 114. Kf2 Qe4 115. Rd4 Qe3+ 116. Kf1 Qc1+ 117. Kf2 Qc6 118. Rd2 Qc5+ 119. Kf1 Kg4 120. Ne5+ Kg5 121. Nf3+ Kf5 122. Rd4 Qb5+ 123. Kf2 Qc5 124. Kf1 1/2-1/2

[Event "WchT Blitz Final"]
[Site "London"]
[Date "2025.06.15"]
[Round "4.2"]
[White "Kosteniuk, Alexandra"]
[Black "Kamalidenova, Meruert"]
[Result "1/2-1/2"]
[WhiteElo "2474"]
[BlackElo "2330"]
[PlyCount "141"]
[EventDate "2025.06.15"]
[EventType "team-k.o. (blitz)"]
[EventRounds "4"]
[EventCountry "ENG"]
[SourceTitle "CB25_2025"]
[SourceDate "2025.06.18"]
[SourceVersion "1"]
[SourceVersionDate "2025.06.18"]
[SourceQuality "1"]
[WhiteTeam "WR Chess"]
[BlackTeam "KazChess"]
[WhiteTeamCountry "GER"]
[BlackTeamCountry "KAZ"]

1. e4 c5 2. c3 d5 3. exd5 Qxd5 4. d4 g6 5. Nf3 cxd4 6. Nxd4 Nf6 7. Nd2 Bg7 8. N2f3 0-0 9. Be2 Nc6 10. 0-0 Bg4 11. h3 Nxd4 12. Nxd4 Bxe2 13. Qxe2 e5 14. Nb3 b6 15. Rd1 Qe6 16. Bg5 h6 17. Bd2 Rac8 18. Rac1 Rc4 19. Be3 Rfc8 20. Nd2 R4c6 21. c4 Nd7 22. b3 f5 23. f3 g5 24. Bf2 Qf7 25. Nb1 Nf8 26. Nc3 Ne6 27. Nd5 Re8 28. b4 Nd4 29. Qd2 b5 30. Ne3 f4 31. Nc2 Rxc4 32. Nxd4 exd4 33. Rxc4 Qxc4 34. Rc1 Qe2 35. Qxe2 Rxe2 36. Rc8+ Kh7 37. Rc7 Kg6 38. Rxa7 d3 39. Rd7 Rd2 40. Bd4 Bxd4+ 41. Rxd4 Kf6 42. Kf1 Ke5 43. Rd8 Rxa2 44. Rxd3 Rb2 45. Rd8 Rxb4 46. Rh8 Rb1+ 47. Ke2 Rb2+ 48. Kd3 Rxg2 49. Rxh6 Rf2 50. h4 Rxf3+ 51. Ke2 Rh3 52. Rh5 Rh2+ 53. Kf3 Rh3+ 54. Kf2 b4 55. Rxg5+ Ke4 56. Rb5 b3 57. Rb4+ Kf5 58. h5 Kg4 59. h6 Rh2+ 60. Kg1 Rxh6 61. Rxb3 Ra6 62. Rc3 f3 63. Rc8 Ra1+ 64. Kf2 Ra2+ 65. Kf1 Kg3 66. Rg8+ Kf4 67. Rf8+ Kg3 68. Rg8+ Kf4 69. Rf8+ Kg4 70. Rg8+ Kf4 71. Rf8+ 1/2-1/2

[Event "WchT Blitz Pool D"]
[Site "London"]
[Date "2025.06.14"]
[Round "8.5"]
[White "Kamalidenova, Meruert"]
[Black "Balabayeva, Kseniya"]
[Result "0-1"]
[WhiteElo "2330"]
[BlackElo "2352"]
[PlyCount "112"]
[EventDate "2025.06.14"]
[EventType "team-tourn"]
[EventRounds "13"]
[EventCountry "ENG"]
[SourceTitle "CB25_2025"]
[SourceDate "2025.06.18"]
[SourceVersion "1"]
[SourceVersionDate "2025.06.18"]
[SourceQuality "1"]
[WhiteTeam "KazChess"]
[BlackTeam "Barys.kz"]
[WhiteTeamCountry "KAZ"]
[BlackTeamCountry "KAZ"]

1. e4 c6 2. Nf3 d5 3. exd5 cxd5 4. d4 a6 5. c4 Nf6 6. Nc3 Nc6 7. cxd5 Nxd5 8. Bc4 e6 9. 0-0 Be7 10. Re1 0-0 11. h3 Nf6 12. Bb3 Na5 13. Bc2 b5 14. Qd3 Bb7 15. Bg5 g6 16. Rad1 Nc4 17. Bc1 Rc8 18. Qe2 Nd5 19. Ne4 Qc7 20. Bb1 Rfd8 21. b3 Nd6 22. Bd2 Nxe4 23. Bxe4 Bf6 24. Bb1 Nc3 25. Bxc3 Qxc3 26. Be4 Bxe4 27. Qxe4 Qa5 28. Re2 Rd5 29. Qf4 Kg7 30. Nh2 h5 31. Nf3 Rcd8 32. Red2 Qc3 33. Qe3 Qc6 34. Kh2 Qd6+ 35. g3 g5 36. Kg2 g4 37. hxg4 hxg4 38. Nh2 Rxd4 39. Rxd4 Bxd4 40. Qg5+ Kf8 41. Qh6+ Ke7 42. Nxg4 Qc6+ 43. f3 Qc2+ 44. Rd2 Qc3 45. Qg5+ Ke8 46. Re2 Rd5 47. Qg8+ Ke7 48. Qh7 Rc5 49. Qh4+ Ke8 50. Qh7 Rd5 51. Qg8+ Ke7 52. Nh6 Qd3 53. Qxf7+ Kd8 54. Qg8+ Kc7 55. Kf1 Qxf3+ 56. Ke1 Bc3+ 0-1

[Event "Asia-ch (Women)"]
[Site "Al Ain"]
[Date "2025.05.15"]
[Round "9"]
[White "Kamalidenova, Meruert"]
[Black "Vishwa, Vasnawala"]
[Result "1-0"]
[WhiteElo "2345"]
[BlackElo "2090"]
[PlyCount "107"]
[EventDate "2025.05.07"]
[EventType "swiss"]
[EventRounds "9"]
[EventCountry "UAE"]
[SourceTitle "CB21_2025"]
[SourceDate "2025.05.21"]
[SourceVersion "1"]
[SourceVersionDate "2025.05.21"]
[SourceQuality "1"]

1. e4 e5 2. Nf3 Nc6 3. Bb5 a6 4. Ba4 Nf6 5. Nc3 b5 6. Bb3 Bc5 7. Nd5 d6 8. 0-0 0-0 9. d4 Nxd4 10. Nxd4 Bxd4 11. Bg5 Be6 12. c3 Bc5 13. Nxf6+ gxf6 14. Bh6 Kh8 15. Bxf8 Qxf8 16. Bd5 Re8 17. b4 Bb6 18. a4 Qg7 19. axb5 Rg8 20. g3 axb5 21. Ra8 Rxa8 22. Bxa8 Bh3 23. Re1 Bg4 24. Qd3 Qh6 25. h4 Qg6 26. Kg2 Bd7 27. f3 h5 28. Ra1 Qh6 29. Bb7 Kg7 30. Rd1 Ba7 31. Ba6 Qe3 32. Qxe3 Bxe3 33. Rd5 Bc6 34. Rd3 Bb6 35. Bc8 Kh6 36. g4 hxg4 37. Bxg4 Ba7 38. Kf1 Bb6 39. Rd2 Be3 40. Rg2 Kh7 41. Ke2 Bb6 42. Bf5+ Kh6 43. Rg8 Ba7 44. Rh8+ Kg7 45. Rh7+ Kg8 46. h5 Bd7 47. h6 Bxf5 48. Rg7+ Kh8 49. exf5 d5 50. Rxf7 Bb6 51. Rxf6 Kh7 52. Re6 d4 53. cxd4 Bxd4 54. Kd3 1-0

[Event "Almaty zt 3.4 (Women)"]
[Site "Almaty"]
[Date "2025.04.09"]
[Round "9"]
[White "Kamalidenova, Meruert"]
[Black "Nurmanova, Alua"]
[Result "1-0"]
[WhiteElo "2342"]
[BlackElo "2347"]
[PlyCount "189"]
[EventDate "2025.04.02"]
[EventType "swiss"]
[EventRounds "9"]
[EventCountry "KAZ"]
[SourceTitle "CB15_2025"]
[SourceDate "2025.04.09"]
[SourceVersion "1"]
[SourceVersionDate "2025.04.09"]
[SourceQuality "1"]

1. e4 c5 2. Nf3 d6 3. d4 cxd4 4. Nxd4 Nf6 5. Nc3 a6 6. Bg5 e6 7. f4 Nbd7 8. Qe2 Qc7 9. 0-0-0 b5 10. f5 e5 11. Nd5 Qb7 12. Nb3 Nxd5 13. exd5 Nb6 14. Qe4 Be7 15. Be3 Qc7 16. Bd2 Bd7 17. Kb1 0-0 18. Bd3 f6 19. Na5 Rfc8 20. b3 Be8 21. Bb4 Nd7 22. Qe1 Nc5 23. Be4 Nb7 24. g4 Nxa5 25. Bxa5 Qb7 26. h4 Bd8 27. Bxd8 Rxd8 28. g5 Qe7 29. Qa5 Rdb8 30. Rdg1 b4 31. Bd3 Bb5 32. gxf6 Qxf6 33. Bxb5 Rxb5 34. Qc7 Kh8 35. Rg4 Rc5 36. Qd7 Rac8 37. Rh2 R5c7 38. Qe6 Qf8 39. f6 Qxf6 40. Rxb4 Qf1+ 41. Kb2 Qd1 42. c4 Qd4+ 43. Ka3 Qc5 44. Ka4 a5 45. Rb5 Qg1 46. Rc2 Qd1 47. Qf5 g6 48. Qe4 Rf7 49. Qe2 Qd4 50. Rxa5 Qxh4 51. Ka3 Qd4 52. Qe1 Rf3 53. Qb4 Rd8 54. Qb7 Rdf8 55. Qc7 R3f6 56. Rh2 h5 57. Ra6 Qf4 58. Rc2 e4 59. Qe7 Qe3 60. Rg2 R8f7 61. Qe8+ Kh7 62. Rh2 Ra7 63. Rxa7+ Qxa7+ 64. Kb4 Qc5+ 65. Ka4 Qa7+ 66. Kb4 Qc5+ 67. Ka4 Qa7+ 68. Kb4 e3 69. Re2 Rf3 70. a4 Kg7 71. Qe4 Qc5+ 72. Kc3 Rf1 73. Rxe3 Qa3 74. Re2 Rc1+ 75. Rc2 Rb1 76. Qe7+ Kh6 77. Qe3+ Kg7 78. Qe7+ Kh6 79. Qe3+ Kg7 80. Qb6 h4 81. a5 h3 82. a6 Rc1 83. Rxc1 Qxc1+ 84. Kb4 Qe1+ 85. Kb5 h2 86. a7 h1Q 87. a8Q Qe7 88. Qd4+ Kf7 89. Qf4+ Kg7 90. Qc6 Qd1 91. Qg3 Qc2 92. Qc8 Qa7 93. Qgh3 Kf6 94. Qf8+ Ke5 95. Qg3+ 1-0

[Event "Almaty zt 3.4 (Women)"]
[Site "Almaty"]
[Date "2025.04.03"]
[Round "2"]
[White "Kamalidenova, Meruert"]
[Black "Imomkuzieva, Nilufarkhon"]
[Result "1-0"]
[WhiteElo "2342"]
[BlackElo "2126"]
[PlyCount "141"]
[EventDate "2025.04.02"]
[EventType "swiss"]
[EventRounds "9"]
[EventCountry "KAZ"]
[SourceTitle "CB15_2025"]
[SourceDate "2025.04.09"]
[SourceVersion "1"]
[SourceVersionDate "2025.04.09"]
[SourceQuality "1"]

1. e4 c6 2. Nf3 d5 3. e5 Bf5 4. Nh4 e6 5. Nxf5 exf5 6. d4 g6 7. Bd3 Bg7 8. Be3 Nd7 9. Qd2 Nf8 10. Nc3 Ne6 11. Ne2 h6 12. h4 h5 13. c3 Qd7 14. a4 f6 15. f4 Nh6 16. Qc2 Ng4 17. Bd2 fxe5 18. dxe5 Bf8 19. b4 a5 20. Qb2 Qc7 21. Nd4 Nxd4 22. cxd4 Qb6 23. Ke2 axb4 24. Rhb1 c5 25. dxc5 Qxc5 26. Rf1 Be7 27. Rac1 Qb6 28. a5 Rxa5 29. Rc8+ Bd8 30. Qxb4 Qxb4 31. Bxb4 Ra2+ 32. Rc2 Rxc2+ 33. Bxc2 Bxh4 34. Ba4+ Kf7 35. Rc1 Bd8 36. Bb3 g5 37. Bxd5+ Kg6 38. Bxb7 gxf4 39. Rc6+ Kg5 40. Rc8 Nxe5 41. Rxd8 Rxd8 42. Be7+ Kg4 43. Bxd8 h4 44. Bc7 Nd7 45. Kf2 Nf6 46. Bf3+ Kg5 47. Bd8 Kg6 48. Kg1 h3 49. gxh3 Nd7 50. Kg2 Ne5 51. h4 Nd3 52. Bg5 Nc5 53. Bxf4 Ne6 54. Be5 Ng7 55. Kf2 Ne6 56. Ke3 Nf8 57. Kd4 Nd7 58. Bf4 Kf6 59. Kd5 Kg6 60. Kd6 Nf8 61. Ke7 Nh7 62. Be5 f4 63. Bg4 f3 64. Bxf3 Kf5 65. Bb2 Kf4 66. Bd1 Kg3 67. Bc2 Kxh4 68. Bxh7 Kg4 69. Ke6 Kf4 70. Be5+ Ke3 71. Kd5 1-0

[Event "Titled Tuesday intern op 04th Feb Early"]
[Site "Chess.com INT"]
[Date "2025.02.04"]
[Round "3"]
[White "Kamalidenova, Meruert"]
[Black "Jacobsen, Mikkel Manosri"]
[Result "1-0"]
[WhiteElo "2355"]
[BlackElo "2314"]
[PlyCount "75"]
[EventDate "2025.02.04"]
[EventType "swiss (blitz)"]
[EventRounds "11"]
[EventCountry "USA"]
[SourceTitle "CB07_2025"]
[SourceDate "2025.02.12"]
[SourceVersion "1"]
[SourceVersionDate "2025.02.12"]
[SourceQuality "1"]

1. e4 c5 2. c3 e6 3. d4 d5 4. e5 Nc6 5. Nf3 Bd7 6. Be2 Rc8 7. 0-0 cxd4 8. cxd4 Nge7 9. Nc3 Nf5 10. g4 Nh4 11. Nxh4 Qxh4 12. Be3 Bb4 13. f4 Qe7 14. f5 Bxc3 15. bxc3 Na5 16. f6 gxf6 17. exf6 Qa3 18. Bd2 Nc4 19. Bxc4 dxc4 20. Qf3 Bc6 21. Qg3 Qa5 22. Rae1 Rd8 23. Re5 Rd5 24. Rfe1 Kd7 25. Qh4 Qxa2 26. Qg5 Rxe5 27. Rxe5 Qb1+ 28. Re1 Qg6 29. Qf4 Rg8 30. h3 h5 31. g5 h4 32. Re5 Qd3 33. Be1 Qxh3 34. d5 Bxd5 35. Rxd5+ exd5 36. Bxh4 Rh8 37. Bg3 Qh1+ 38. Kf2 1-0

[Event "Wch Blitz (Women)"]
[Site "New York"]
[Date "2024.12.30"]
[Round "9"]
[White "Kamalidenova, Meruert"]
[Black "Mungunzul, Bat Erdene"]
[Result "0-1"]
[WhiteElo "2378"]
[BlackElo "2268"]
[PlyCount "120"]
[EventDate "2024.12.30"]
[EventType "swiss (blitz)"]
[EventRounds "11"]
[EventCountry "USA"]
[SourceTitle "CB01_2025"]
[SourceDate "2025.01.01"]
[SourceVersion "1"]
[SourceVersionDate "2025.01.01"]
[SourceQuality "1"]

1. e4 e5 2. Nf3 Nc6 3. Bb5 a6 4. Ba4 Nf6 5. 0-0 Be7 6. d3 b5 7. Bb3 d6 8. c3 0-0 9. Nbd2 Nb8 10. Re1 Nbd7 11. Nf1 Bb7 12. Ng3 Nc5 13. Bc2 Re8 14. d4 Ncd7 15. Bb3 c5 16. Bc2 Bf8 17. d5 c4 18. Bg5 h6 19. Be3 g6 20. h3 Qc7 21. Qd2 Kh7 22. Nh2 Bg7 23. f4 exf4 24. Bxf4 Ne5 25. Nf3 Nfd7 26. Rf1 Re7 27. h4 h5 28. Bg5 Ree8 29. Nd4 Nc5 30. Rae1 Bc8 31. Re2 Bg4 32. Ref2 Ra7 33. b4 Ncd7 34. Rxf7 Nxf7 35. Rxf7 Qb6 36. Be3 Ne5 37. Ne6 Qxe3+ 38. Qxe3 Rxf7 39. Ng5+ Kg8 40. Nxf7 Nxf7 41. Qd2 Rf8 42. Ne2 Ne5 43. Nd4 Kh7 44. Bd1 Bh6 45. Qe1 Nd3 46. Qg3 Bxd1 47. Qxd6 Be3+ 48. Kh2 Bf4+ 49. Qxf4 Nxf4 50. d6 Rd8 51. e5 Bg4 52. Kg3 Ne6 53. Nc6 Kg7 54. Kf2 Rf8+ 55. Ke3 Kf7 56. Ne7 Ke8 57. Nxg6 Rf1 58. Ne7 Kd7 59. Nd5 Re1+ 60. Kf2 Rxe5 0-1

[Event "Wch Blitz (Women)"]
[Site "New York"]
[Date "2024.12.30"]
[Round "8"]
[White "Kiolbasa, Oliwia"]
[Black "Kamalidenova, Meruert"]
[Result "0-1"]
[WhiteElo "2371"]
[BlackElo "2378"]
[PlyCount "106"]
[EventDate "2024.12.30"]
[EventType "swiss (blitz)"]
[EventRounds "11"]
[EventCountry "USA"]
[SourceTitle "CB01_2025"]
[SourceDate "2025.01.01"]
[SourceVersion "1"]
[SourceVersionDate "2025.01.01"]
[SourceQuality "1"]

1. e4 c5 2. Be2 d6 3. f4 Nf6 4. d3 Nc6 5. Nf3 g6 6. 0-0 Bg7 7. c3 e6 8. Kh1 h5 9. Be3 Ng4 10. Bg1 f5 11. exf5 gxf5 12. d4 cxd4 13. cxd4 d5 14. Nc3 h4 15. h3 Nf6 16. Ng5 Ne4 17. Ncxe4 dxe4 18. Bh5+ Kf8 19. Nf7 Qd5 20. Nxh8 Bxh8 21. Qe1 Bf6 22. Bf2 Qd8 23. Rd1 b6 24. Rg1 Bb7 25. Kh2 Qd6 26. Bxh4 Qxf4+ 27. Bg3 Qh6 28. Bd6+ Kg7 29. Qg3+ Kh8 30. Bf7 Nxd4 31. Rgf1 Ne2 32. Qf2 Ba6 33. Bxe6 Nd4 34. Rxd4 Bxf1 35. Rd1 Bd3 36. Qxf5 Bg7 37. Bf4 Qh4 38. Bg5 Qh7 39. Qg4 Rf8 40. Be7 Be5+ 41. Kg1 Bd4+ 42. Kh1 Qxe7 43. Qh5+ Qh7 44. Qg4 Be5 45. Bd5 e3 46. Bf3 Bg7 47. Qd7 Bc2 48. Re1 Qh6 49. Qc7 Bf5 50. Qe7 Bxh3 51. Qxe3 Bf5+ 52. Kg1 Qxe3+ 53. Rxe3 Bd4 0-1

[Event "Wch Rapid (Women)"]
[Site "New York"]
[Date "2024.12.27"]
[Round "7"]
[White "Kamalidenova, Meruert"]
[Black "Tsolakidou, Stavroula"]
[Result "0-1"]
[WhiteElo "2368"]
[BlackElo "2381"]
[PlyCount "66"]
[EventDate "2024.12.26"]
[EventType "swiss (rapid)"]
[EventRounds "11"]
[EventCountry "USA"]
[SourceTitle "CB01_2025"]
[SourceDate "2025.01.01"]
[SourceVersion "1"]
[SourceVersionDate "2025.01.01"]
[SourceQuality "1"]

1. e4 c5 2. c3 d5 3. exd5 Qxd5 4. d4 Nc6 5. Nf3 Bf5 6. Be3 cxd4 7. Nxd4 Nf6 8. Be2 Nxd4 9. cxd4 Qxg2 10. Bf3 Qh3 11. Bxb7 Rd8 12. Nc3 Bd7 13. Qd3 g6 14. Nb5 Bg7 15. Nc7+ Kf8 16. a4 Rb8 17. Qa6 Bh6 18. Ra3 Bxe3 19. Rxe3 Qf5 20. 0-0 Kg7 21. Qxa7 h5 22. Bg2 Rxb2 23. Qc5 Qxc5 24. dxc5 Rc8 25. Na6 Bxa4 26. Rxe7 Bb5 27. Rb7 Bxf1 28. Rxb2 Bxa6 29. c6 Bc4 30. Rd2 Kf8 31. Rd4 Bb5 32. h4 Ke7 33. Rd2 Bxc6 0-1

[Event "Wch Rapid (Women)"]
[Site "New York"]
[Date "2024.12.26"]
[Round "1"]
[White "Kamalidenova, Meruert"]
[Black "Mamedjarova, Zeinab"]
[Result "1-0"]
[WhiteElo "2368"]
[BlackElo "2194"]
[PlyCount "69"]
[EventDate "2024.12.26"]
[EventType "swiss (rapid)"]
[EventRounds "11"]
[EventCountry "USA"]
[SourceTitle "CB01_2025"]
[SourceDate "2025.01.01"]
[SourceVersion "1"]
[SourceVersionDate "2025.01.01"]
[SourceQuality "1"]

1. e4 d5 2. exd5 Qxd5 3. Nc3 Qd8 4. d4 Nf6 5. Nf3 Bg4 6. h3 Bxf3 7. Qxf3 c6 8. Be3 e6 9. Bd3 Nbd7 10. 0-0-0 Be7 11. g4 Nb6 12. Kb1 Nbd5 13. Nxd5 Nxd5 14. Be4 Nf6 15. c4 Qc7 16. Bc2 a6 17. g5 Nd7 18. Qe4 Rc8 19. f4 b5 20. d5 cxd5 21. cxd5 Nc5 22. Bxc5 Qxc5 23. dxe6 fxe6 24. Bb3 Qf5 25. Rhe1 Qxe4+ 26. Rxe4 Rd8 27. Rde1 Rd6 28. Bxe6 Kd8 29. Rc1 Ke8 30. Bg4 Rf8 31. Rc7 Rf7 32. Be6 Rf8 33. h4 a5 34. a4 bxa4 35. Bc4 1-0

[Event "Qatar Masters op-A"]
[Site "Doha"]
[Date "2024.12.12"]
[Round "9"]
[White "Kamalidenova, Meruert"]
[Black "Garv, Rai"]
[Result "1-0"]
[WhiteElo "2378"]
[BlackElo "2277"]
[PlyCount "97"]
[EventDate "2024.12.03"]
[EventType "swiss"]
[EventRounds "9"]
[EventCountry "QAT"]
[SourceTitle "CB51_2024"]
[SourceDate "2024.12.18"]
[SourceVersion "1"]
[SourceVersionDate "2024.12.18"]
[SourceQuality "1"]

1. e4 e5 2. Nf3 Nc6 3. d4 exd4 4. Bc4 Bc5 5. Ng5 Nh6 6. Nxf7 Nxf7 7. Bxf7+ Kxf7 8. Qh5+ g6 9. Qxc5 d5 10. 0-0 dxe4 11. c3 Qd6 12. Qxd6 cxd6 13. cxd4 d5 14. Nc3 Be6 15. f3 exf3 16. Rxf3+ Kg7 17. Bf4 Rae8 18. Re1 Bf5 19. Rfe3 Rxe3 20. Rxe3 Kf7 21. Nb5 Kf6 22. Nd6 b6 23. h3 h5 24. h4 Rf8 25. Bh6 Ra8 26. Bg5+ Kg7 27. Ne8+ Kf7 28. Nc7 Rc8 29. Nxd5 Be6 30. Nf4 Nxd4 31. Re4 Rc1+ 32. Kh2 Rd1 33. Re3 Rb1 34. Rc3 Nb5 35. Rc6 Bf5 36. a4 Nd4 37. Rc7+ Kf8 38. Nd5 Ne6 39. Be7+ Ke8 40. Rxa7 Rd1 41. Nf6+ Kf7 42. Bd8+ Kf8 43. Bxb6 Rb1 44. Be3 g5 45. hxg5 Bg6 46. Rb7 Be4 47. Nxe4 Re1 48. Bc5+ Nxc5 49. Nxc5 1-0